[Event "Match"]
[Site "www.echecsemail.com"]
[Date "2016.08.22"]
[Round "1"]
[White "Jhzes"]
[Black "Yakke"]
[WhiteElo "2370"]
[BlackElo "1720"]
[Result "1-0"]
[Round "1"]
1.d4 d5
2.Nb1c3 c6
3.f3 h6
4.e4 e6
5.e5 Qd8a5
6.Bf1d3 Bf8b4
7.Ng1e2 Ng8e7
8.O-O O-O
9.a3 Bb4xc3
10.Ne2xc3 Qa5d8
11.g4 Qd8b6
12.Nc3e2 Nb8d7
13.b4 Qb6d8
14.Qd1e1 a5
15.Bc1d2 Nd7b6
16.bxa5 Nb6a4
17.Qe1b1 b6
18.axb6 Na4xb6
19.Bd2b4 f6
20.Bb4d6 Nb6d7
21.c4 fxe5
22.dxe5 Rf8e8
23.Ne2f4 Ne7g6
24.Bd3xg6 Qd8b6
25.Qb1xb6 Nd7xb6
26.Bg6xe8 Bc8a6
27.Be8xc6 Ra8c8
28.Nf4g6 Kh7
29.Ng6e7 Rc8h8
30.Bc6b5 Ba6xb5
31.cxb5 Nb6c4
32.Rf1f2 Nc4e3
33.b6 Ne3c4
34.b7 Nc4xd6
35.exd6 Rh8d8
36.Ne7c6 Rd8xd6
37.Nc6e5 Rd6d8
38.Ra1b1 d4
39.b8Q Rd8xb8
40.Rb1xb8 d3
41.Rf2d2 g5
42.Rd2xd3 Kg7
43.Rd3d7 Kf6
44.Ne5f7 Kg6
45.Rb8b6 Kf6
46.Nf7xh6 Ke5
47.Rb6b5 Kf6
48.Nh6g8 Kg6
49.Rb5xg5 Kxg5
50.a4 Kf4
51.Kf2 e5
52.h4 e4
53.Rd7d4 Ke5
54.Rd4xe4 Kd5
55.h5 Kc5
56.h6 Kd5
57.h7 Kc6
58.h8Q Kb7
59.Qh8f6 Kc8
60.Qf6f7 { resign }
1-0

[Event "Match"]
[Site "www.echecsemail.com"]
[Date "2016.08.22"]
[Round "1"]
[White "Sundar"]
[Black "Pare123"]
[WhiteElo "1929"]
[BlackElo "1940"]
[Result "1-0"]
[Round "1"]
1.d4 g6
2.c4 Bf8g7
3.e3 Ng8f6
4.Ng1f3 d6
5.Nb1d2 Bc8g4
6.h3 Bg4xf3
7.Qd1xf3 c6
8.b3 Nb8d7
9.Bc1b2 O-O
10.Bf1d3 Nf6h5
11.g4 Nh5f6
12.Qf3g2 Qd8a5
13.f4 e6
14.O-O Rf8e8
15.Nd2f3 Kf8
16.e4 Qa5b6
17.e5 dxe5
18.fxe5 Nf6g8
19.Nf3g5 Ng8h6
20.Ng5xh7 Ke7
21.Bb2a3 Kd8
22.c5 Qb6a5
23.Ba3c1 Qa5c3
24.Bc1g5 Kc7
25.Qg2e4 Ra8c8
26.Bg5xh6 Bg7xh6
27.g5 Re8h8
28.Ra1c1 Qc3d2
29.Rc1c2 Qd2a5
30.Rf1xf7 Bh6f8
31.Bd3c4 Rc8e8
32.Rc2f2 Bf8e7
33.Bc4xe6 Kd8
34.Be6xd7 Kxd7
35.Nh7f6 Kd8
36.Qe4g4 Qa5c7
37.Kg2 Re8f8
38.e6 Rf8xf7
39.exf7 Be7xf6
40.Rf2xf6 Rh8f8
41.Rf6d6 { resign }
1-0

[Event "1/8 Finale"]
[Site "www.chess-mail.com"]
[Date "2016.08.22"]
[Round "1"]
[White "Conde7"]
[Black "Fjpv"]
[WhiteElo "2840"]
[BlackElo "2680"]
[Result "1/2-1/2"]
[Round "1"]
1.e4 e5
2.Ng1f3 Ng8f6
3.Nf3xe5 d6
4.Ne5f3 Nf6xe4
5.d4 d5
6.Bf1d3 Nb8c6
7.O-O Bf8e7
8.c4 Nc6b4
9.Bd3e2 O-O
10.Nb1c3 Bc8e6
11.a3 Ne4xc3
12.bxc3 Nb4c6
13.cxd5 Be6xd5
14.Be2d3 Qd8d7
15.Rf1e1 Rf8e8
16.Nf3d2 Be7f8
17.Re1e3 Ra8d8
18.Ra1b1 b6
19.Re3g3 Bf8d6
20.Qd1h5 Bd6xg3
21.Qh5xh7 Kf8
22.hxg3 Re8e1
23.Kh2 f6
24.a4 Nc6e7
25.Nd2f3 Bd5xf3
26.Bc1h6 gxh6
27.Rb1xe1 Bf3g4
28.Qh7xh6 Kf7
29.Qh6h7 Kf8
30.Bd3b5 c6
31.Qh7h6 Kf7
32.Bb5c4 Ne7d5
33.Qh6h7 { draw }
1/2-1/2

[Event "1/128 Finale"]
[Site "www.chess-mail.com"]
[Date "2016.08.22"]
[Round "1"]
[White "Lucy2w"]
[Black "4quentin2"]
[WhiteElo "1599"]
[BlackElo "1699"]
[Result "1/2-1/2"]
[Round "1"]
1.e4 e5
2.Ng1f3 Nb8c6
3.Bf1b5 a6
4.Bb5a4 b5
5.Ba4b3 Bf8c5
6.O-O Ng8f6
7.d3 O-O
8.Bc1g5 d6
9.Nb1c3 Rf8e8
10.Rf1e1 Kh8
11.Kh1 { draw }
1/2-1/2

[Event "1/128 Finale"]
[Site "www.chess-mail.com"]
[Date "2016.08.22"]
[Round "1"]
[White "Terrysweden"]
[Black "4quentin2"]
[WhiteElo "1399"]
[BlackElo "1699"]
[Result "1/2-1/2"]
[Round "1"]
1.e4 e5
2.Ng1f3 Nb8c6
3.Bf1b5 a6
4.Bb5a4 b5
5.Ba4b3 Bf8c5
6.O-O Ng8f6
7.d3 O-O
8.Bc1g5 d6
9.Nb1c3 Rf8e8
10.Rf1e1 Kh8
{ draw }
1/2-1/2

[Event "1/128 Finale"]
[Site "www.chess-mail.com"]
[Date "2016.08.22"]
[Round "1"]
[White "Ursulachess"]
[Black "Terrysweden"]
[WhiteElo "1299"]
[BlackElo "1399"]
[Result "0-1"]
[Round "1"]
1.e4 e5
2.Ng1f3 Nb8c6
3.Bf1b5 a6
4.Bb5a4 b5
5.Ba4b3 Bf8c5
6.O-O Ng8f6
7.d3 O-O
8.Bc1g5 d6
9.Nb1c3 Rf8e8
10.Rf1e1 Kh8
11.Kh1 Bc8e6
12.h3 Be6xb3
13.Nc3xb5 axb5
14.Bg5xf6 Qd8xf6
15.Nf3xe5 Bb3e6
16.Kg1 Nc6xe5
17.a3 Qf6g6
18.b4 Bc5d4
19.Ra1b1 Be6xh3
20.Kh1 Qg6xg2
{ resign }
0-1

[Event "Eq:Slap Shot Mates-Los Tercios : "]
[Site "www.chess-mail.com"]
[Date "2016.08.22"]
[Round "1"]
[White "Lui"]
[Black "Mustaphly"]
[WhiteElo "2400"]
[BlackElo "2870"]
[Result "1/2-1/2"]
[Round "1"]
1.e4 e6
2.d4 d5
3.Nb1c3 Ng8f6
4.Bc1g5 dxe4
5.Nc3xe4 Bf8e7
6.Bg5xf6 gxf6
7.Ng1f3 f5
8.Ne4c3 a6
9.g3 b5
10.Bf1g2 Bc8b7
11.O-O O-O
12.Rf1e1 c5
13.dxc5 Be7xc5
14.Qd1xd8 Rf8xd8
15.Ra1d1 Nb8c6
16.Nf3e5 Rd8xd1
17.Re1xd1 Nc6xe5
{ draw }
1/2-1/2

[Event "Tourn. n8915"]
[Site "www.chess-mail.com"]
[Date "2016.08.23"]
[Round "1"]
[White "Janerol"]
[Black "Falcoale"]
[WhiteElo "1529"]
[BlackElo "1490"]
[Result "0-1"]
[Round "1"]
1.e4 c5
2.c4 Nb8c6
3.Nb1c3 e6
4.Ng1f3 b6
5.b3 Bc8b7
6.e5 h6
7.Nc3b5 d5
8.cxd5 exd5
9.Nb5d6 Bf8xd6
10.exd6 Qd8xd6
11.Bf1b5 a6
12.Bb5xc6 Bb7xc6
13.O-O Ng8e7
14.Rf1e1 O-O
15.Nf3e5 Bc6b7
16.a4 d4
17.Ne5c4 Qd6d5
18.Nc4xb6 Qd5xg2

0-1

[Event "Tourn. n8850"]
[Site "www.chess-mail.com"]
[Date "2016.08.23"]
[Round "1"]
[White "Andychesston"]
[Black "Ffdd65"]
[WhiteElo "2010"]
[BlackElo "2180"]
[Result "0-1"]
[Round "1"]
1.e4 e5
2.Ng1f3 d6
3.d4 Bc8g4
4.dxe5 Qd8e7
5.Bc1f4 Bg4xf3
6.Qd1xf3 dxe5
7.Bf4g3 Qe7b4
8.Nb1d2 Qb4xb2
9.Ra1b1 Qb2xc2
10.Bg3xe5 b6
11.Bf1c4 f6
12.Be5c3 c6
13.O-O Qc2a4
14.Qf3h5 g6
15.Qh5f3 Nb8d7
16.Bc4b3 Qa4a6
17.e5 Bf8e7
18.exf6 Ng8xf6
19.Rf1e1 Rh8f8
20.Re1e6 Nf6d5
21.Qf3e4 Nd7c5
22.Re6xe7 Nd5xe7
23.Qe4e5 Nc5d3
24.Qe5g7 Qa6b7
25.Qg7xh7 O-O-O
26.Qh7h3 Kb8
27.Qh3g3 Qb7c7
28.Qg3xc7 Kxc7
29.f3 Ne7d5
30.Bc3d4 Nd5f4
31.Bd4f2 Nd3xf2
32.Kxf2 Rd8xd2
33.Kg3 Rd2xg2
{ resign }
0-1

[Event "Tourn. n8851"]
[Site "www.chess-mail.com"]
[Date "2016.08.23"]
[Round "1"]
[White "Szustan"]
[Black "Prize64"]
[WhiteElo "2580"]
[BlackElo "2390"]
[Result "1-0"]
[Round "1"]
1.e4 c5
2.c3 b6
3.d4 Bc8b7
4.d5 d6
5.Ng1f3 Nb8d7
6.Bf1d3 Ng8f6
7.O-O g6
8.Rf1e1 Bf8g7
9.h3 O-O
10.c4 Nf6e8
11.Nb1c3 a6
12.Bc1e3 Ne8c7
13.Qd1c2 Nd7e5
14.Nf3xe5 Bg7xe5
15.Ra1b1 Ra8b8
16.b4 Bb7a8
17.f4 Be5g7
18.bxc5 bxc5
19.Rb1xb8 Qd8xb8
20.e5 Qb8a7
21.Nc3e4 Rf8d8
22.f5 Bg7xe5
23.fxg6 hxg6
24.Ne4g5 Kg7
25.Ng5xf7 Kxf7
26.Bd3xg6 Kg8
27.Qc2f5 Rd8f8
28.Qf5h5 Rf8f6
29.Qh5h7 Kf8
30.Be3h6 { resign }
1-0

[Event "Tourn. n8883"]
[Site "www.chess-mail.com"]
[Date "2016.08.23"]
[Round "1"]
[White "Billyg"]
[Black "Cal"]
[WhiteElo "1600"]
[BlackElo "1670"]
[Result "1-0"]
[Round "1"]
1.e4 e5
2.Ng1f3 d6
3.d4 Bc8g4
4.Bf1e2 Bg4xf3
5.Be2xf3 exd4
6.Qd1xd4 Nb8c6
7.Qd4a4 h6
8.O-O a6
9.Rf1d1 b5
10.Qa4b3 Ng8f6
11.Qb3e3 Nc6e5
12.Qe3c3 Bf8e7
13.Bf3e2 c5
14.Bc1e3 O-O
15.b4 c4
16.f4 Nf6xe4
17.Qc3e1 Ne5g6
18.Be2f3 f5
19.Bf3xe4 fxe4
20.Nb1c3 Rf8f5
21.Qe1f2 Ra8c8
22.g3 Be7f6
23.Nc3d5 Ng6f8
24.g4 Bf6xa1
25.gxf5 Ba1b2
26.c3 Rc8c6
27.Qf2xb2 h5
28.Qb2g2 Nf8h7
29.Qg2xe4 Rc6c8
30.Nd5e7 Kh8
31.Qe4e6 Nh7f6
32.Qe6xc8 Qd8xc8
33.Ne7xc8 Nf6e4
34.Nc8xd6 Ne4xc3
35.Rd1e1 Nc3xa2
36.Be3d4 Na2xb4
37.f6 gxf6
38.Bd4xf6 Kh7
39.Re1e5 Kg6
40.Bf6e7 Nb4d3
41.f5 Kg7
42.Re5e3 b4
43.Nd6xc4 Nd3f4
44.Re3g3 Kf7
45.Rg3e3 Nf4d5
46.Nc4d6 Kg7
47.Re3g3 Kh7
48.Nd6e4 Nd5xe7
49.Ne4f6 Kh6
50.Nf6g8 Ne7xg8
51.Rg3xg8 a5
52.f6 Kh7
53.Rg8g2 { resign }
1-0

[Event "Match"]
[Site "www.echecsemail.com"]
[Date "2016.08.23"]
[Round "1"]
[White "Ditto"]
[Black "Fangshuo"]
[WhiteElo "1840"]
[BlackElo "2090"]
[Result "0-1"]
[Round "1"]
1.e4 c5
2.Bf1c4 a6
3.Ng1f3 e6
4.d3 b5
5.Bc4b3 d5
6.exd5 exd5
7.Bc1f4 c4
8.dxc4 dxc4
9.Qd1xd8 Kxd8
10.Bb3xc4 bxc4
11.O-O Ng8f6
12.Bf4e5 Bf8e7
13.Nb1c3 Nb8c6
14.Ra1d1 Bc8d7
15.Nf3g5 Nc6xe5
16.f3 Be7c5
17.Kh1 Ke7
18.a3 Rh8e8
19.Rf1e1 Kf8
20.Nc3e2 h6
21.Ng5e4 Nf6xe4
22.fxe4 Bd7c6
23.Ne2f4 Ne5g4
24.Rd1d2 Ra8d8
25.Rd2e2 Re8xe4
26.Re2xe4 Bc6xe4
27.h3 Ng4f2
28.Kh2 Bc5d6
29.g3 Bd6xf4
30.gxf4 Rd8d2
31.Kg3 Be4xc2
32.Re1c1 Bc2b3
33.h4 Rd2xb2
34.f5 c3
35.Rc1xc3 Nf2e4
{ resign }
0-1

[Event "Tourn. n8732"]
[Site "www.chess-mail.com"]
[Date "2016.08.24"]
[Round "1"]
[White "Huw"]
[Black "Comrade"]
[WhiteElo "2280"]
[BlackElo "2190"]
[Result "1/2-1/2"]
[Round "1"]
1.d4 d5
2.c4 dxc4
3.Ng1f3 Ng8f6
4.e3 e6
5.Bf1xc4 c5
6.O-O a6
7.a4 Bf8e7
8.dxc5 Qd8xd1
9.Rf1xd1 Be7xc5
10.Nb1d2 Nb8c6
11.Nd2b3 Bc5a7
12.Nb3d4 Bc8d7
13.b3 O-O
14.Bc1b2 Rf8d8
15.Nd4e2 Nc6b4
16.Bb2c3 Nf6d5
17.Bc3d2 Ba7c5
18.Nf3e5 Nb4c6
19.Bc4xd5 exd5
20.Ne5xd7 Rd8xd7
21.Ra1c1 Bc5a7
22.Bd2c3 Ra8d8
23.Ne2d4 Rd7d6
24.Nd4f5 Rd6g6
25.b4 Rg6g5
26.Nf5g3 d4
27.exd4 f6
28.Ng3e2 Rg5d5
29.Ne2f4 Rd5d6
30.Nf4e2 Nc6xd4
31.Ne2xd4 Ba7xd4
32.Bc3xd4 Rd6xd4
33.Rd1xd4 Rd8xd4
34.Rc1b1 b6
35.f3 Kf7
36.Kf2 Ke6
37.Ke3 Kd5
38.Rb1b2 f5
39.f4 Rd4e4
40.Kf3 b5
41.axb5 axb5
42.h3 Kc4
43.Rb2c2 Kxb4
44.Rc2c7 Ka3
45.Rc7xg7 b4
46.Rg7a7 Kb2
47.g4 b3
48.gxf5 Re4c4
49.f6 Kc2
50.f7 Rc4c8
51.Ra7c7 Rc8xc7
52.f8Q Rc7c3
53.Kg4 b2
54.Qf8f5 Kc1
55.Qf5e5 Kc2
56.Qe5e4 Rc3d3
{ draw }
1/2-1/2

[Event "Tourn. n8925"]
[Site "www.chess-mail.com"]
[Date "2016.08.24"]
[Round "1"]
[White "Hundegana"]
[Black "Jhzes"]
[WhiteElo "1980"]
[BlackElo "1960"]
[Result "1-0"]
[Round "1"]
1.e4 c5
2.f4 e6
3.Nb1c3 g6
4.e5 a6
5.g3 b5
6.Bf1g2 Nb8c6
7.Ng1f3 Ra8b8
8.O-O Qd8b6
9.Kh1 d6
10.exd6 Bf8xd6
11.Nc3e4 Bd6c7
12.b3 Bc8b7
13.Bc1b2 Nc6d4
14.Nf3xd4 cxd4
15.d3 f5
16.Ne4g5 Bb7xg2
17.Kxg2 Ng8e7
18.c3 Qb6c6
19.Qd1f3 Ne7d5
20.c4 Nd5e3
21.Kf2 { resign }
1-0

[Event "Tourn. n8873"]
[Site "www.chess-mail.com"]
[Date "2016.08.24"]
[Round "1"]
[White "Andychesston"]
[Black "Biggles"]
[WhiteElo "1990"]
[BlackElo "2080"]
[Result "0-1"]
[Round "1"]
1.e4 e6
2.d4 d5
3.Bf1d3 c5
4.c3 Nb8c6
5.Ng1f3 Qd8b6
6.O-O Bc8d7
7.e5 Bf8e7
8.Qd1c2 f5
9.Bc1e3 c4
10.Bd3xc4 dxc4
11.a3 Nc6d8
12.d5 Be7c5
13.Be3g5 h6
14.Bg5h4 Nd8f7
15.dxe6 Qb6xe6
16.Qc2e2 Ng8e7
17.Nb1d2 O-O-O
18.b4 Bc5b6
19.Nf3d4 Bb6xd4
20.cxd4 g5
21.Bh4g3 f4
22.Ra1c1 fxg3
23.fxg3 Kb8
24.Nd2e4 Bd7c6
25.Rf1f6 Qe6d5
26.e6 Nf7d6
27.Ne4c5 Rh8f8
28.Rf6xh6 Nd6e4
29.Nc5xe4 Qd5xe4
30.Qe2xe4 Bc6xe4
31.Rc1xc4 Be4d5
32.Rc4c5 Rd8c8
{ resign }
0-1

[Event "Tourn. n8908"]
[Site "www.chess-mail.com"]
[Date "2016.08.24"]
[Round "1"]
[White "Attatroll"]
[Black "Cal"]
[WhiteElo "1870"]
[BlackElo "1770"]
[Result "0-1"]
[Round "1"]
1.d4 d5
2.c4 dxc4
3.e3 b5
4.a4 e6
5.axb5 Bc8b7
6.Ng1f3 c6
7.Bf1xc4 h6
8.O-O Bf8d6
9.bxc6 Bb7xc6
10.Nb1c3 a5
11.Bc1d2 Ng8f6
12.Nc3a4 O-O
13.Bd2c3 Nf6e4
14.Bc4d3 Ne4xc3
15.Na4xc3 Nb8d7
16.Nc3e4 Bc6xe4
17.Bd3xe4 Ra8a7
18.Qd1b3 Bd6b4
19.Rf1c1 Qd8e7
20.Rc1c4 Nd7f6
21.Be4d3 Nf6d5
22.Nf3e5 Qe7g5
23.e4 Nd5f4
24.Bd3f1 Ra7b7
25.Ra1xa5 Bb4xa5
26.Qb3xb7 Ba5e1
27.Rc4c7 Nf4h3
28.Kh1 Nh3xf2
29.Kg1 Nf2h3
30.Kh1 Nh3f2
31.Kg1 Qg5e3
32.h4 Nf2h3
33.Kh2 Qe3g3
34.Kh1 Nh3f2
35.Kg1 Qg3xh4
{ resign }
0-1

[Event "Tourn. n8931"]
[Site "www.chess-mail.com"]
[Date "2016.08.24"]
[Round "1"]
[White "Ditto"]
[Black "Jhzes"]
[WhiteElo "1830"]
[BlackElo "2000"]
[Result "1-0"]
[Round "1"]
1.e4 c5
2.Bf1c4 e6
3.Ng1f3 Ng8f6
4.d3 a6
5.Bc1g5 Bf8e7
6.Nb1c3 d6
7.O-O Bc8d7
8.e5 dxe5
9.Nf3xe5 { resign }
1-0

[Event "Tourn. n8871"]
[Site "www.chess-mail.com"]
[Date "2016.08.24"]
[Round "1"]
[White "Jhzes"]
[Black "Azulmarino"]
[WhiteElo "1840"]
[BlackElo "1600"]
[Result "0-1"]
[Round "1"]
1.e4 e5
2.Ng1f3 Nb8c6
3.Bf1c4 Ng8f6
4.Nf3g5 d5
5.exd5 Nf6xd5
6.Qd1f3 Qd8xg5
7.Bc4xd5 f6
8.Bd5xc6 Bc8d7
9.Bc6xd7 Kxd7
10.Qf3xb7 Ra8d8
11.O-O Bf8c5
12.Qb7d5 Bc5d6
13.d4 Qg5h5
14.dxe5 fxe5
{ resign }
0-1

[Event "Tourn. n8925"]
[Site "www.chess-mail.com"]
[Date "2016.08.24"]
[Round "1"]
[White "Jhzes"]
[Black "Gilliere"]
[WhiteElo "1960"]
[BlackElo "2050"]
[Result "0-1"]
[Round "1"]
1.Ng1f3 Nb8c6
2.c4 Ng8f6
3.e3 d6
4.Nb1c3 e5
5.d3 Bc8g4
6.Bf1e2 Bf8e7
7.h3 Bg4xf3
8.Be2xf3 O-O
9.a3 h6
10.Nc3d5 Rf8e8
11.Nd5xf6 Be7xf6
12.Qd1b3 Ra8b8
13.O-O a6
14.Ra1b1 Nc6a5
15.Qb3a4 c6
16.Bc1d2 b6
17.Bd2xa5 bxa5
18.Qa4xc6 Rb8a8
19.Qc6xa8 Qd8xa8
20.Bf3xa8 Re8xa8
21.f4 exf4
22.Rf1xf4 Bf6g5
{ resign }
0-1

[Event "Tourn. n8811"]
[Site "www.chess-mail.com"]
[Date "2016.08.24"]
[Round "1"]
[White "Umutkrc"]
[Black "Esperanza"]
[WhiteElo "1800"]
[BlackElo "1819"]
[Result "0-1"]
[Round "1"]
1.d3 Ng8f6
2.e4 d6
3.Bf1e2 g6
4.Ng1f3 Bf8g7
5.h3 O-O
6.g4 e5
7.g5 Nf6h5
8.h4 Nh5f4
9.Bc1xf4 exf4
10.c3 Nb8c6
11.h5 Nc6e5
12.h6 Bg7h8
13.Qd1d2 Ne5xf3
14.Be2xf3 Qd8xg5
15.Nb1a3 f5
16.O-O-O fxe4
17.Rd1g1 e3
18.Rg1xg5 exd2
19.Kxd2 c6
20.Bf3e4 Bc8e6
21.b3 a5
22.c4 Bh8d4
23.f3 Ra8d8
24.Be4xg6 hxg6
25.Rg5xg6 Kf7
26.Rg6g2 Rf8g8
27.Rg2h2 Rg8g1
28.Rh1xg1 Bd4xg1
29.Rh2g2 Bg1e3
30.Kc3 Kf6
31.Na3c2 d5
32.Nc2xe3 d4
33.Kc2 dxe3
34.Rg2h2 Be6f5
35.h7 Kg7
36.Rh2h4 Bf5xd3
37.Kd1 Bd3xh7
38.Ke1 Rd8d4
39.Rh4h5 b6
40.Rh5e5 Kf6
41.Re5e8 Bh7g6
42.Re8c8 Rd4d6
43.Rc8b8 c5
44.Rb8f8 Ke5
45.Rf8g8 Bg6b1
46.a3 Bb1a2
47.Rg8g5 Kd4
48.Rg5f5 Ba2xb3
49.Rf5xf4 Kd3
{ resign }
0-1

[Event "Tourn. n8884"]
[Site "www.chess-mail.com"]
[Date "2016.08.24"]
[Round "1"]
[White "Jhzes"]
[Black "Taxrama"]
[WhiteElo "1940"]
[BlackElo "1760"]
[Result "0-1"]
[Round "1"]
1.e4 e5
2.Ng1f3 Nb8c6
3.Bf1c4 h6
4.O-O Ng8f6
5.Nb1c3 Bf8c5
6.d3 Nf6g4
7.h3 Bc5xf2
8.Rf1xf2 Ng4xf2
9.Kxf2 O-O
10.b3 d6
11.Kg1 Bc8d7
12.d4 Nc6b4
13.dxe5 Bd7e6
14.exd6 Be6xc4
15.bxc4 cxd6
16.Bc1a3 Qd8b6
17.Kh1 Rf8d8
18.Ra1b1 a5
19.Nc3d5 Qb6c5
20.Ba3xb4 axb4
21.Nd5xb4 Qc5xc4
22.Nf3d2 Qc4c7
23.Nb4d5 Qc7d7
24.Nd5b6 Qd7c7
25.Nb6xa8 Rd8xa8
26.c4 Ra8xa2
27.Rb1c1 Ra2a5
28.Nd2b3 Ra5a2
29.Nb3d4 Qc7e7
30.Qd1b3 Ra2f2
31.Qb3d3 Qe7g5
32.g4 Qg5xc1
{ resign }
0-1

[Event "Tourn. n8929"]
[Site "www.chess-mail.com"]
[Date "2016.08.24"]
[Round "1"]
[White "Jhzes"]
[Black "Hundegana"]
[WhiteElo "2010"]
[BlackElo "2000"]
[Result "0-1"]
[Round "1"]
1.e4 c5
2.Ng1f3 Qd8c7
3.Bf1c4 e6
4.d4 cxd4
5.Qd1xd4 f6
6.O-O Bf8c5
7.Qd4d3 Nb8c6
8.a3 a5
9.g3 Ng8e7
{ resign }
0-1

[Event "Tourn. n8923"]
[Site "www.chess-mail.com"]
[Date "2016.08.24"]
[Round "1"]
[White "Hundegana"]
[Black "Jhzes"]
[WhiteElo "2000"]
[BlackElo "2010"]
[Result "1-0"]
[Round "1"]
1.d4 e6
2.e4 c6
3.c4 Bf8b4
4.Nb1c3 Bb4xc3
5.bxc3 Qd8h4
6.Bf1d3 d6
7.g3 Qh4f6
8.Qd1f3 Nb8d7
9.Qf3xf6 Ng8xf6
10.h3 h6
11.Bc1a3 c5
12.Ng1f3 g5
13.dxc5 dxc5
14.O-O b6
15.e5 { resign }
1-0

[Event "Tourn. n8925"]
[Site "www.chess-mail.com"]
[Date "2016.08.24"]
[Round "1"]
[White "Jhzes"]
[Black "Picifarkinca"]
[WhiteElo "1960"]
[BlackElo "1980"]
[Result "0-1"]
[Round "1"]
1.d4 Ng8f6
2.Nb1c3 d5
3.Bc1f4 Nb8d7
4.Nc3b5 e5
5.dxe5 Nf6h5
6.Qd1d4 a6
7.e6 Nh5xf4
8.exf7 Ke7
9.Qd4e3 Nf4e6
10.Nb5d4 Nd7f6
11.Ng1f3 Kxf7
12.Nd4xe6 Bc8xe6
13.Nf3g5 Kg6
14.Ng5xe6 Qd8e7
15.Ne6f4 Kf7
16.Qe3b3 c6
17.O-O-O g5
18.Nf4h3 h6
19.g3 Kg7
{ resign }
0-1

[Event "Tourn. n8916"]
[Site "www.chess-mail.com"]
[Date "2016.08.24"]
[Round "1"]
[White "Andychesston"]
[Black "Jhzes"]
[WhiteElo "1980"]
[BlackElo "1970"]
[Result "1-0"]
[Round "1"]
1.e4 e5
2.Ng1f3 Bf8c5
3.d4 exd4
4.Nf3xd4 Qd8f6
5.Bc1e3 Bc5b4
6.c3 Bb4c5
7.Qd1f3 Qf6xf3
8.gxf3 Ng8f6
9.Nb1d2 b6
10.Nd2b3 Bc8b7
11.Nd4b5 Bc5d6
12.Nb5xd6 cxd6
13.O-O-O d5
14.e5 Nf6h5
15.Nb3d4 Nb8c6
16.Nd4b5 { resign }
1-0

[Event "Tourn. n8880"]
[Site "www.chess-mail.com"]
[Date "2016.08.24"]
[Round "1"]
[White "Jhzes"]
[Black "Bigrezi"]
[WhiteElo "1870"]
[BlackElo "1820"]
[Result "0-1"]
[Round "1"]
1.d4 Ng8f6
2.c4 e6
3.a3 d5
4.c5 Nb8c6
5.f3 Bf8e7
6.Nb1c3 e5
7.e3 O-O
8.dxe5 Nc6xe5
9.b4 a5
10.Bc1b2 axb4
11.axb4 Ra8xa1
12.Qd1xa1 Bc8e6
13.Nc3b5 c6
14.Nb5d4 Be6d7
15.Nd4xc6 Ne5xc6
16.Bb2c3 Qd8c7
17.Bf1d3 Rf8e8
18.Ng1e2 Be7f8
19.Bc3xf6 gxf6
20.Qa1xf6 Bf8g7
21.Qf6h4 h6
22.Kf2 Nc6e5
23.Bd3c2 Bd7c6
24.Ne2f4 Ne5c4
25.Rh1e1 Qc7d7
26.Re1d1 Re8xe3
27.Kg3 Re3c3
28.Bc2b1 Nc4e3
29.Rd1d2 Rc3b3
{ resign }
0-1

[Event "Tourn. n8885"]
[Site "www.chess-mail.com"]
[Date "2016.08.24"]
[Round "1"]
[White "Jhzes"]
[Black "Picifarkinca"]
[WhiteElo "1920"]
[BlackElo "1970"]
[Result "0-1"]
[Round "1"]
1.Ng1f3 d5
2.e3 Ng8f6
3.c4 e6
4.a3 c5
5.Nf3e5 Qd8c7
6.f4 Nb8c6
7.cxd5 exd5
8.Qd1a4 Nf6d7
9.Ne5xc6 bxc6
10.b3 Bf8e7
11.Bc1b2 Nd7f6
12.d3 O-O
13.h3 Rf8d8
14.g4 d4
15.exd4 Qc7xf4
16.Qa4xc6 Bc8e6
17.Nb1d2 Be6d5
18.Qc6b5 Bd5xh1
19.dxc5 Qf4e3
20.Bf1e2 Nf6d5
21.Nd2c4 Qe3xc5
22.Qb5a4 Be7h4
23.Kd2 Bh4g5
24.Kc2 Bh1g2
25.Kb1 Bg2xh3
26.Be2f3 Qc5g1
27.Ka2 Qg1f2
28.Bf3xd5 Rd8xd5
29.Qa4c6 Rd5d8
30.Nc4e5 Bg5f6
31.d4 Ra8c8
32.Qc6b7 Bf6xe5
{ resign }
0-1

[Event "Tourn. n8884"]
[Site "www.chess-mail.com"]
[Date "2016.08.24"]
[Round "1"]
[White "Nulladies"]
[Black "Ditto"]
[WhiteElo "1720"]
[BlackElo "1850"]
[Result "1-0"]
[Round "1"]
1.d4 d5
2.Bc1f4 Ng8f6
3.Ng1f3 Nb8c6
4.e3 Bc8g4
5.h3 Bg4f5
6.g4 Bf5e4
7.Bf1g2 e6
8.c3 Bf8d6
9.Nb1d2 Be4d3
10.Bg2f1 Qd8e7
11.Bf1xd3 Bd6xf4
12.exf4 Qe7d6
13.Nf3e5 O-O
14.g5 Nf6e8
15.Qd1c2 g6
16.h4 Ne8g7
17.O-O-O Ng7h5
18.Nd2f3 Nh5xf4
19.Ne5xc6 Qd6xc6
20.Nf3e5 Qc6a4
21.Qc2xa4 c6
22.Ne5d7 Rf8d8
23.Nd7f6 Kg7
24.Nf6g4 Nf4h5
25.Qa4b4 Ra8b8
26.Rh1f1 a6
27.f4 Rd8f8
28.Qb4d6 Kg8
29.Ng4h6 Kg7
30.Qd6e7 Nh5g3
31.Qe7f6 
1-0

[Event "Tourn. n8718"]
[Site "www.chess-mail.com"]
[Date "2016.08.24"]
[Round "1"]
[White "Andychesston"]
[Black "Orhany24"]
[WhiteElo "2000"]
[BlackElo "2130"]
[Result "0-1"]
[Round "1"]
1.e4 e5
2.Ng1f3 Nb8c6
3.d4 exd4
4.Nf3xd4 d5
5.Nb1c3 dxe4
6.Nd4xc6 Qd8xd1
7.Nc3xd1 bxc6
8.Bc1e3 Bf8d6
9.Nd1c3 f5
10.Be3d4 Ng8f6
11.Bf1c4 Ke7
12.O-O-O Bc8e6
13.Bc4b3 a5
14.Nc3a4 Be6xb3
15.cxb3 Rh8d8
16.Kb1 g6
17.Rd1c1 Ra8a6
18.g3 Nf6d5
19.Na4c5 Bd6xc5
20.Rc1xc5 a4
21.Rh1c1 axb3
22.a3 Kd6
23.Bd4g7 Rd8a8
24.Rc5c4 Nd5e7
25.Rc4b4 Ra6b6
26.Rc1d1 Ne7d5
27.Rb4d4 Rb6b5
28.Rd1c1 Rb5c5
29.Rc1d1 Ke6
30.Bg7h6 Rc5c2
31.Bh6e3 Nd5xe3
32.fxe3 Rc2xh2
33.Rd4d7 Ra8a7
34.Rd7d8 Ra7a5
35.Rd8e8 Kf7
36.Re8c8 Ra5c5
37.Rc8xc7 Ke6
38.Rc7b7 Rc5b5
39.Rb7xb5 cxb5
40.Rd1e1 Rh2g2
41.Kc1 Rg2c2
42.Kb1 Kd5
43.Re1d1 Kc4
44.Rd1d7 Rc2e2
45.Rd7c7 Kd3
46.Rc7c3 Kd2
47.Rc3xb3 Re2xe3
48.Rb3xb5 Re3e1
49.Ka2 e3
50.a4 Re1c1
51.a5 Rc1c4
52.Kb3 e2
53.Rb5d5 Kc1
54.Kxc4 e1Q
55.b4 Qe1xg3
56.a6 Qg3c7
57.Rd5c5 Qc7b6
58.b5 f4
59.Rc5c6 Qb6b8
60.b6 f3
61.a7 Qb8a8
62.Kb5 Kd2
63.Rc6c7 f2
64.Rc7d7 Ke2
65.Rd7e7 Kf3
66.Re7f7 Kg2
67.Rf7xf2 Kxf2
68.Ka6 Qa8c8
69.Kb5 Qc8b7
70.Kc5 g5
{ resign }
0-1

[Event "Tourn. n8923"]
[Site "www.chess-mail.com"]
[Date "2016.08.24"]
[Round "1"]
[White "Jhzes"]
[Black "Numanoid"]
[WhiteElo "2010"]
[BlackElo "2280"]
[Result "0-1"]
[Round "1"]
1.e4 e6
2.e5 c5
3.g3 Nb8c6
4.Ng1f3 Ng8e7
5.c3 Ne7g6
6.Qd1e2 d6
7.exd6 Bf8xd6
8.d4 cxd4
9.Nf3xd4 Nc6xd4
10.cxd4 Qd8c7
11.Nb1c3 a6
12.Bf1g2 Bc8d7
{ resign }
0-1

[Event "Tourn. n8920"]
[Site "www.chess-mail.com"]
[Date "2016.08.24"]
[Round "1"]
[White "Osopanda"]
[Black "Jhzes"]
[WhiteElo "2000"]
[BlackElo "1970"]
[Result "1-0"]
[Round "1"]
1.c4 g6
2.d4 c5
3.Ng1f3 cxd4
4.Nf3xd4 Bf8g7
5.e4 e5
6.Nd4b5 a6
7.Nb5d6 Kf8
8.Nb1c3 b6
9.Nc3d5 Nb8c6
10.Bc1e3 Ng8f6
11.f3 Nf6xd5
12.Qd1xd5 Qd8f6
13.Be3g5 Qf6e6
14.O-O-O Qe6xd5
15.Rd1xd5 Nc6b4
16.Rd5d2 Nb4xa2
17.Kc2 Na2b4
18.Kb3 a5
19.Nd6xc8 { resign }
1-0

[Event "Tourn. n8907"]
[Site "www.chess-mail.com"]
[Date "2016.08.24"]
[Round "1"]
[White "Jhzes"]
[Black "Picifarkinca"]
[WhiteElo "1850"]
[BlackElo "1990"]
[Result "0-1"]
[Round "1"]
1.Ng1f3 d5
2.d4 Ng8f6
3.Bc1f4 e6
4.Nb1c3 c6
5.e3 Bf8d6
6.Bf4xd6 Qd8xd6
7.Nf3e5 O-O
8.g3 Nb8d7
9.f4 Nf6e8
10.Bf1h3 f6
11.Ne5xd7 Bc8xd7
12.Qd1f3 Ra8d8
13.O-O-O e5
14.Bh3xd7 Rd8xd7
15.h4 exd4
16.Rd1xd4 f5
17.g4 Qd6e6
18.Rh1g1 Ne8d6
19.gxf5 Nd6xf5
20.Rd4d3 Nf5xh4
21.Qf3h5 Nh4f5
22.Rg1h1 Qe6g6
23.e4 Qg6xh5
24.Rh1xh5 Nf5d6
25.exd5 Rf8xf4
26.dxc6 bxc6
27.Rh5c5 Rf4f1
28.Nc3d1 Rf1f7
29.Rc5xc6 Nd6e8
30.Rc6c8 Kf8
31.Rd3e3 Rf7e7
{ resign }
0-1

[Event "Tourn. n8901"]
[Site "www.chess-mail.com"]
[Date "2016.08.24"]
[Round "1"]
[White "Bichoraro92"]
[Black "Julian"]
[WhiteElo "2040"]
[BlackElo "2070"]
[Result "0-1"]
[Round "1"]
1.d4 Ng8f6
2.e3 g6
3.f4 d6
4.Ng1f3 Bf8g7
5.Bf1d3 c5
6.c3 cxd4
7.exd4 O-O
8.O-O Nb8c6
9.b3 e5
10.fxe5 dxe5
11.dxe5 Nf6g4
12.Bc1g5 Qd8b6
13.Kh1 Nc6xe5
14.Bd3e4 h6
15.Nf3xe5 Ng4xe5
16.Bg5f4 Bc8e6
17.Qd1c1 Ra8c8
18.Bf4xh6 Rf8d8
19.Bh6xg7 Kxg7
20.Qc1g5 Qb6c7
21.Qg5f6 Kg8
22.c4 Ne5g4
23.Qf6h4 Kg7
24.h3 Qc7h2

0-1

[Event "Tourn. n8928"]
[Site "www.chess-mail.com"]
[Date "2016.08.24"]
[Round "1"]
[White "Jhzes"]
[Black "Nulladies"]
[WhiteElo "1740"]
[BlackElo "1780"]
[Result "0-1"]
[Round "1"]
1.e4 c5
2.Nb1c3 g6
3.d4 Qd8b6
4.dxc5 Qb6xc5
5.Bc1e3 Qc5c7
6.Nc3b5 Qc7a5
7.Be3d2 Qa5d8
8.Bd2c3 f6
9.e5 Bf8g7
10.Qd1d5 e6
11.Qd5d6 Nb8a6
12.exf6 Ng8xf6
13.f3 Bg7f8
{ resign }
0-1